Giant children / (Record no. 2889)

MARC details
000 -LEADER
fixed length control field 01144cam a2200325 a 4500
001 - CONTROL NUMBER
control field 2889
003 - CONTROL NUMBER IDENTIFIER
control field FISKH
005 - DATE AND TIME OF LATEST TRANSACTION
control field 20250605085454.0
008 - FIXED-LENGTH DATA ELEMENTS--GENERAL INFORMATION
fixed length control field 000831s2002 nyua b 000 0 eng
010 ## - LIBRARY OF CONGRESS CONTROL NUMBER
LC control number 00064418
020 ## - INTERNATIONAL STANDARD BOOK NUMBER
International Standard Book Number 0803725566 (alk. paper)
020 ## - INTERNATIONAL STANDARD BOOK NUMBER
International Standard Book Number 9780142401927
040 ## - CATALOGING SOURCE
Original cataloging agency DLC
Transcribing agency DLC
Modifying agency DLC
Language of cataloging eng
042 ## - AUTHENTICATION CODE
Authentication code lcac
050 00 - LIBRARY OF CONGRESS CALL NUMBER
Classification number PS3552.A336
Item number G5 2002
082 00 - DEWEY DECIMAL CLASSIFICATION NUMBER
Classification number 811/.54
Edition number 21
100 1# - MAIN ENTRY--PERSONAL NAME
Personal name Bagert, Brod.
245 10 - TITLE STATEMENT
Title Giant children /
Statement of responsibility, etc. poems by Brod Bagert ; pictures by Tedd Arnold.
260 ## - PUBLICATION, DISTRIBUTION, ETC.
Place of publication, distribution, etc. New York :
Name of publisher, distributor, etc. Puffin Books,
Date of publication, distribution, etc. 2002.
300 ## - PHYSICAL DESCRIPTION
Extent 32 unnumbered pages :
Other physical details color illustrations ;
Dimensions 28 cm
505 ## - FORMATTED CONTENTS NOTE
Formatted contents note NP<br/>
520 ## - SUMMARY, ETC.
Summary, etc. Presents more than twenty humorous poems, with playful illustrations, that examine life from a child's point of view; features such titles as "Stinky Boys, " "Dinosaur Canary, " and "There's a Goblin in My Throat."
521 8# - TARGET AUDIENCE NOTE
Target audience note NP<br/>
Source Lexile <br/>
521 8# - TARGET AUDIENCE NOTE
Target audience note NP <br/>
Source Raz-Plus <br/>
650 #0 - SUBJECT ADDED ENTRY--TOPICAL TERM
Topical term or geographic name entry element Children's poetry, American.
650 #1 - SUBJECT ADDED ENTRY--TOPICAL TERM
Topical term or geographic name entry element American poetry.
700 1# - ADDED ENTRY--PERSONAL NAME
Personal name Arnold, Tedd,
Relator term illustrator
906 ## - LOCAL DATA ELEMENT F, LDF (RLIN)
a 7
b cbc
c orignew
d 1
e ocip
f 20
g y-gencatlg
942 ## - ADDED ENTRY ELEMENTS (KOHA)
Source of classification or shelving scheme Library of Congress Classification
Koha item type Books
Suppress in OPAC No
Holdings
Withdrawn status Lost status Source of classification or shelving scheme Damaged status Not for loan Collection Home library Current library Shelving location Date acquired Total Checkouts Full call number Barcode Date last seen Price effective from Koha item type Copy number
    Dewey Decimal Classification     Juvenile Fiction Footprints International School Library Network Toul Kork Campus Footprints International School Library Network Toul Kork Campus TK Primary Library Room(4th Floor), Bookcase 7, Shelves 57-60, Dark Green Books 01/22/2024   BAG 811.54 PS3552.A336 FISTK00978 01/22/2024 01/22/2024 Books  
    Dewey Decimal Classification     Juvenile Fiction Footprints International School Library Network Toul Tom Poung Campus Footprints International School Library Network Toul Tom Poung Campus TTP Primary Green Bookshelves 06/05/2025   BAG 811.54 PS3552.A336 2025-1516 06/05/2025 06/05/2025 Books 2